000 00434nam a22001817a 4500
003 MPLRDC
005 20220104124843.0
008 210129b ||||| |||| 00| 0 eng d
082 _a859.4 SJTH v.8 c.2
100 _a不详
245 _a密林狼孩故事
_c
250 _a初版
260 _a
_b东阳出版社
_c1994
300 _b
490 _a世界童话选
650 _a儿童故事
942 _cBK
_o859.4 SJTH v.8 c.2
999 _c22677
_d22667